000 00431nam a2200181Ia 4500
008 170918s9999 xx 000 0 und d
020 _a1585425354
050 _bG964ho 2005
100 _aGuinn, Jeff
245 _aHow Mrs. Clauz saved Christmas /
245 _cby Jeff Guinn.
260 _aUSA :
260 _bTarcher Penguin,
260 _c2005
300 _a297 pages :
300 _billustrations ;
300 _c21cm.
999 _c343959
_d343959